[Event "Titled Tue 3rd Jun Early"]
[Site "chess.com INT"]
[Date "2025.06.03"]
[Round "9"]
[White "Logozar, Elijah"]
[Black "Levitan, Caleb Levi"]
[Result "1/2-1/2"]
[BlackTitle "FM"]
[WhiteElo "1945"]
[BlackElo "2333"]
[WhiteFideId "30963788"]
[BlackFideId "14332620"]
[EventDate "2025.06.03"]

1. e4 c5 2. Nf3 e6 3. d4 cxd4 4. Nxd4 Nf6 5. Nc3 Nc6 6. Ndb5 Bc5 7. Bf4 O-O 8.
Bc7 Qe7 9. Bd6 Bxd6 10. Qxd6 Qd8 11. O-O-O a6 12. Nd4 Ne7 13. Be2 Ne8 14. Qg3 b5
15. e5 Bb7 16. Bd3 Rc8 17. Kb1 Rxc3 18. bxc3 Nd5 19. Be4 Nxc3+ 20. Qxc3 Bxe4 21.
Rhe1 Bd5 22. Nf5 Bxa2+ 23. Kxa2 exf5 24. Rd4 Qe7 25. f4 Qe6+ 26. Qb3 Nc7 27.
Qxe6 dxe6 28. c4 bxc4 29. Rxc4 Nd5 30. Rec1 g6 31. g3 Kg7 32. Rc8 Rxc8 33. Rxc8
h6 34. Kb3 g5 35. fxg5 hxg5 36. Ra8 f4 37. gxf4 gxf4 38. Rxa6 Kg6 39. Kc4 f3 40.
Kd4 Kf5 41. Ra7 f6 42. exf6 Nxf6 43. Ke3 Ng4+ 44. Kxf3 Nxh2+ 45. Kg3 Ng4 46.
Rf7+ Nf6 47. Kf3 e5 48. Ra7 e4+ 49. Ke3 Ng4+ 50. Kd4 Nf6 51. Ra1 Ke6 52. Ra5 Nd7
53. Kxe4 Nf6+ 54. Kd4 Nd7 55. Ra6+ Ke7 56. Kd5 Nf6+ 57. Ke5 Nd7+ 58. Kf5 Kf7 59.
Ra7 Ke7 60. Ra1 Kd6 61. Rb1 Ke7 62. Rc1 Kd6 63. Rc2 Ke7 64. Rd2 Nf6 65. Re2+ Kf7
66. Rh2 Kg7 67. Ra2 Ng8 68. Ra7+ Kf8 69. Ke6 Nh6 70. Rb7 Ng8 71. Rb1 Nh6 72. Rh1
Kg7 73. Rg1+ Kf8 74. Kf6 Ng8+ 75. Kg6 Ne7+ 76. Kf6 Ng8+ 77. Ke6 Nh6 78. Rb1 Ng8
79. Rb7 Nh6 80. Rh7 Ng8 81. Rh1 Kg7 82. Rg1+ Kf8 83. Rg2 Nh6 84. Rg3 Ng8 85. Rg6
Ne7 86. Rf6+ Ke8 87. Rf7 Ng8 88. Rh7 Kf8 89. Ra7 Nh6 90. Kf6 Ng8+ 91. Kg6 Ne7+
92. Kh6 Kf7 93. Kg5 Ke6 94. Kf4 Nd5+ 95. Ke4 Nf6+ 96. Kd4 Kf5 97. Ra1 Ke6 98.
Rf1 Nd7 99. Rh1 Kd6 100. Rh6+ Ke7 101. Kd5 Nf6+ 102. Ke5 Ng4+ 103. Kf5 1/2-1/2

[Event "Titled Tue 3rd Jun Early"]
[Site "chess.com INT"]
[Date "2025.06.03"]
[Round "9"]
[White "Kshatriya, Nitin Vekhande"]
[Black "Bolashakov, Nurali"]
[Result "1-0"]
[WhiteTitle "FM"]
[BlackTitle "CM"]
[WhiteElo "2255"]
[BlackElo "2184"]
[WhiteFideId "45075530"]
[BlackFideId "13792105"]
[EventDate "2025.06.03"]

1. e4 c5 2. Nf3 d6 3. d4 cxd4 4. Nxd4 Nf6 5. Nc3 a6 6. Be2 e5 7. Nb3 Be7 8. O-O
O-O 9. Kh1 Nc6 10. f4 b5 11. a3 Qc7 12. Bf3 Bb7 13. f5 Na5 14. Nxa5 Qxa5 15. Bg5
h6 16. Bxf6 Bxf6 17. Nd5 Bxd5 18. Qxd5 Rac8 19. c3 Rfd8 20. Rad1 Qc7 21. Rd3 Rb8
22. Rfd1 a5 23. Qb3 Qc5 24. Rd5 Qf2 25. Rxb5 Rxb5 26. Qxb5 Qa7 27. b4 axb4 28.
axb4 Qa3 29. c4 Ra8 30. c5 dxc5 31. bxc5 Qc3 32. h3 Rc8 33. Rd5 Qc1+ 34. Kh2 Bg5
35. g3 Be3 36. Rd1 Qc2+ 37. Qe2 Qxe2+ 38. Bxe2 Bxc5 39. Rc1 Rc7 40. Kg2 Bd6 41.
Rd1 Bc5 42. Rd8+ Kh7 43. Rd5 Bd4 44. Bh5 g6 45. fxg6+ fxg6 46. Be2 Rc2 47. Kf1
Rc1+ 48. Kg2 Rc2 49. Rd7+ Kh8 50. Kf3 Rc3+ 51. Kg4 Re3 52. Bc4 Rxe4+ 53. Kf3
Re3+ 54. Kg2 Rc3 55. Bf7 Rc2+ 56. Kf3 Rf2+ 57. Ke4 Kg7 58. Bc4+ Kf8 59. Rd8+ Ke7
60. Rh8 Rg2 61. g4 h5 62. gxh5 gxh5 63. Rxh5 Rc2 64. Rh7+ Kf6 65. Bd3 Rh2 66. h4
Kg6 67. Kd5+ Kf6 68. Rh6+ Kg7 69. Rh7+ Kf6 70. Be4 Rc2 71. Bxc2 Be3 72. h5 Kg5
73. Be4 1-0

[Event "Titled Tue 3rd Jun Early"]
[Site "chess.com INT"]
[Date "2025.06.03"]
[Round "9"]
[White "Porozhnyak, Maya"]
[Black "Sarveshwaran V"]
[Result "1-0"]
[WhiteTitle "WCM"]
[BlackTitle "CM"]
[WhiteElo "1974"]
[BlackElo "2290"]
[WhiteFideId "34115843"]
[BlackFideId "25699016"]
[EventDate "2025.06.03"]

1. e4 c5 2. Nf3 d6 3. d4 cxd4 4. c3 dxc3 5. Nxc3 Nc6 6. Bc4 h6 7. O-O e5 8. Qb3
Qc7 9. Nb5 Qd7 10. Bd5 Nf6 11. Rd1 Nxd5 12. Rxd5 Qd8 13. Be3 Be6 14. Rad1 Be7
15. Qa4 O-O 16. R5d2 Bg4 17. Nxd6 Bxf3 18. gxf3 Bxd6 19. Rxd6 Qh4 20. Rd7 Rab8
21. Qb3 a6 22. Bc5 Qg5+ 23. Kf1 Qh5 24. Bxf8 Rxf8 25. Rxb7 Nd4 26. Rxd4 exd4 27.
Ke2 Qxh2 28. Qd3 Qe5 29. Rb4 h5 30. Qxd4 Qe6 31. Rb6 Qxa2 32. f4 Qb1 33. Qd3 Qg1
34. Rb3 Qg4+ 35. Qf3 Qg6 36. Qg3 Qe6 37. Re3 Qc4+ 38. Kf3 Rd8 39. Qh4 Re8 40.
Qxh5 Qf1 41. Qg4 Qd1+ 42. Kg3 Qd6 43. e5 Qe6 44. Qxe6 Rxe6 45. f5 Rb6 46. b3 Kf8
47. f4 Ke7 48. Kf3 Rc6 49. Rd3 Rc1 50. Ke3 Re1+ 51. Kd4 Rf1 52. Ke4 Re1+ 53. Kd5
Rf1 54. Rd4 Rb1 55. b4 Rc1 56. Rc4 Rd1+ 57. Kc5 g6 58. fxg6 fxg6 59. Kb6 Ke6 60.
Kxa6 Kd5 61. Rc7 Ke6 62. b5 Ra1+ 63. Kb7 Kf5 64. Rf7+ Ke6 65. Rf6+ Kd7 66. Rxg6
Rb1 67. b6 Rb5 68. Rg7+ Kd8 69. Kc6 Rb1 70. Rg8+ Ke7 71. Rg7+ Ke6 72. Rg6+ Ke7
73. Kb7 Kd7 74. Rf6 Rc1 75. Rd6+ Ke7 76. Rc6 Rh1 77. Kc7 Rh8 78. b7 Rd8 79. b8=Q
Rxb8 80. Kxb8 Kd7 81. Rd6+ Ke7 82. f5 Kf7 83. Kc7 Kf8 84. Kd7 Kf7 85. Re6 Kf8
86. Rf6+ Kg8 87. Ke7 Kh7 88. Rg6 Kh8 89. Rg1 Kh7 90. Kf6 Kh6 91. Rh1# 1-0

[Event "Titled Tue 3rd Jun Early"]
[Site "chess.com INT"]
[Date "2025.06.03"]
[Round "9"]
[White "Nguyen Thien Ngan"]
[Black "Lazaro Azcutia, Miguel"]
[Result "0-1"]
[WhiteTitle "WIM"]
[BlackTitle "CM"]
[WhiteElo "1998"]
[BlackElo "2275"]
[WhiteFideId "12414816"]
[BlackFideId "54538254"]
[EventDate "2025.06.03"]

1. e4 e5 2. Nf3 Nc6 3. Bc4 Bc5 4. c3 Nf6 5. d3 d6 6. Bb3 a5 7. a4 Be6 8. Nbd2 d5
9. O-O O-O 10. Re1 Re8 11. exd5 Bxd5 12. Ne4 Bxe4 13. dxe4 Qxd1 14. Bxd1 Rad8
15. Bg5 Rd6 16. Bb3 h6 17. Bh4 Nh5 18. Rad1 Nf4 19. Rxd6 Bxd6 20. Bg3 Nd3 21.
Rd1 Nc5 22. Bc2 Kf8 23. Rd5 Ne7 24. Rd1 Ng6 25. Nd2 c6 26. Nc4 Bc7 27. b4 axb4
28. cxb4 Ne6 29. Rd7 Ra8 30. f3 Ke8 31. Rd2 Nd4 32. Bd1 b5 33. axb5 cxb5 34. Ne3
Bb6 35. Bf2 Ra1 36. Nc2 Nxc2 37. Bxb6 Nxb4 38. Kf2 Nc6 39. Be2 Nd4 40. Bxd4 exd4
41. Bxb5+ Ke7 42. Rxd4 Nf4 43. g3 Ra2+ 44. Kf1 Ra1+ 45. Kf2 Ra2+ 46. Ke3 Ng2+
47. Kd3 Ne1+ 48. Ke3 Nc2+ 49. Kd3 Nxd4 50. Kxd4 Rxh2 51. g4 Ra2 52. Bc4 Ra5 53.
Ke3 Kf6 54. Kf4 g5+ 55. Kg3 Ra3 56. Bd5 Ke7 57. Bc4 f6 58. Bd5 Kd6 59. Bc4 Ke5
60. Be2 Ra1 61. Bc4 Ra4 62. Bb5 Ra2 63. Bc4 Rb2 64. Bf7 Kd4 65. Bd5 Ke3 66. Bc6
Rf2 67. e5 fxe5 68. Be4 Rb2 69. Bd5 Rb1 70. Kg2 Kf4 71. Be4 Rb2+ 72. Kh3 Rf2 73.
Bc6 Rxf3+ 74. Kg2 Ra3 75. Kf2 Kxg4 76. Ke2 h5 77. Bd7+ Kg3 78. Bc8 h4 79. Bd7 h3
80. Be6 h2 81. Bd5 g4 82. Bc6 Ra4 83. Bxa4 h1=Q 84. Bb5 Qe4+ 85. Kd2 Qd5+ 86.
Bd3 e4 87. Ke1 exd3 88. Kd2 Kf3 89. Ke1 d2+ 90. Kd1 Ke3 91. Kc2 d1=Q+ 92. Kb2
Q5d2+ 93. Ka3 Qa1+ 94. Kb3 Qac3+ 95. Ka4 Qdd4+ 96. Kb5 Qcc5+ 97. Ka6 Qdd6+ 98.
Kb7 Qcc7+ 99. Ka8 Qdd8# 0-1

[Event "Titled Tue 3rd Jun Early"]
[Site "chess.com INT"]
[Date "2025.06.03"]
[Round "10"]
[White "Kislinsky, Alexey"]
[Black "Csonka, Balazs"]
[Result "1/2-1/2"]
[WhiteTitle "GM"]
[BlackTitle "IM"]
[WhiteElo "2350"]
[BlackElo "2469"]
[WhiteFideId "14108801"]
[BlackFideId "742910"]
[EventDate "2025.06.03"]

1. d4 d5 2. c4 e6 3. Nf3 Nf6 4. e3 Be7 5. Nbd2 O-O 6. Bd3 c5 7. b3 cxd4 8. exd4
b6 9. Bb2 Bb7 10. O-O Nc6 11. Qe2 Nb4 12. Bb1 Nc6 13. Bd3 Nb4 14. Bb1 Nc6 15.
Bd3 1/2-1/2

[Event "Titled Tue 3rd Jun Early"]
[Site "chess.com INT"]
[Date "2025.06.03"]
[Round "10"]
[White "Sagalchik, Gennadij"]
[Black "Shuvalov, Evgenij"]
[Result "0-1"]
[WhiteTitle "GM"]
[WhiteElo "2434"]
[BlackElo "1986"]
[WhiteFideId "2007916"]
[BlackFideId "4187237"]
[EventDate "2025.06.03"]

1. d4 Nf6 2. Nc3 e6 3. e4 d5 4. Bg5 Bb4 5. e5 h6 6. Bd2 Bxc3 7. bxc3 Ne4 8. Bd3
Nxd2 9. Kxd2 c5 10. Qg4 g6 11. h4 c4 12. Bxg6 Rg8 13. Bxf7+ Kxf7 14. Qh5+ Ke7
15. Qxh6 Rxg2 16. Nh3 Qf8 17. Rag1 Qxh6+ 0-1

[Event "Titled Tue 3rd Jun Early"]
[Site "chess.com INT"]
[Date "2025.06.03"]
[Round "10"]
[White "Sahetchian, Armand"]
[Black "Mikhalsky, Vladimir"]
[Result "0-1"]
[WhiteTitle "CM"]
[WhiteElo "2024"]
[BlackElo "2219"]
[WhiteFideId "607150"]
[BlackFideId "14144352"]
[EventDate "2025.06.03"]

1. d4 Nf6 2. c4 g6 3. Nf3 Bg7 4. g3 O-O 5. Bg2 d6 6. O-O Nbd7 7. Nc3 e5 8. e3 c6
9. Rb1 e4 10. Nd2 d5 11. cxd5 cxd5 12. b4 Re8 13. b5 h5 14. h3 Nf8 15. a4 Ne6
16. Ba3 h4 17. g4 Ng5 18. Qb3 Bxg4 19. hxg4 h3 20. Bh1 Qd7 21. f3 exf3 22. Bxf3
Rxe3 23. Rbe1 Nxf3+ 24. Nxf3 Qxg4+ 0-1

[Event "Titled Tue 3rd Jun Early"]
[Site "chess.com INT"]
[Date "2025.06.03"]
[Round "10"]
[White "Levitan, Judah Nathan"]
[Black "Marchesich, Giovanni"]
[Result "1-0"]
[WhiteTitle "CM"]
[BlackTitle "CM"]
[WhiteElo "2127"]
[BlackElo "2219"]
[WhiteFideId "14332639"]
[BlackFideId "2824790"]
[EventDate "2025.06.03"]

1. e4 d5 2. exd5 Qxd5 3. Nc3 Qe5+ 4. Be2 c6 5. Nf3 Qc7 6. d4 Bf5 7. O-O e6 8.
Bd3 Bxd3 9. Qxd3 Nf6 10. Ne5 Nbd7 11. Bf4 Nxe5 12. Bxe5 Bd6 13. Bxd6 Qxd6 14.
Ne4 Nxe4 15. Qxe4 O-O 16. c3 Rad8 17. Rae1 Qd5 18. Qxd5 Rxd5 19. f4 Rfd8 20. Re5
g6 21. g4 Rxe5 22. fxe5 Rd5 23. Kf2 c5 24. Ke3 c4 25. Ke4 Kf8 26. h4 Rb5 27. Rf2
Ra5 28. a3 Rb5 29. h5 Kg7 30. hxg6 hxg6 31. g5 Rb3 32. d5 Rb6 33. d6 Kf8 34. Rh2
Ke8 35. Rh8+ Kd7 36. Rf8 Rxb2 37. Rxf7+ Kd8 38. Rf6 Rb3 39. Kd4 Rxa3 40. Rxe6 b5
41. Rxg6 a5 42. e6 1-0

[Event "Titled Tue 3rd Jun Early"]
[Site "chess.com INT"]
[Date "2025.06.03"]
[Round "10"]
[White "Bolashakov, Nurali"]
[Black "Khoo-Thwe, Louis"]
[Result "0-1"]
[WhiteTitle "CM"]
[BlackTitle "CM"]
[WhiteElo "2184"]
[BlackElo "2214"]
[WhiteFideId "13792105"]
[BlackFideId "1538756"]
[EventDate "2025.06.03"]

1. e4 e5 2. Nf3 Nc6 3. Bc4 Bc5 4. c3 Nf6 5. d3 a6 6. O-O Ba7 7. h3 d6 8. Bb3 Ne7
9. d4 exd4 10. cxd4 Nxe4 11. Re1 d5 12. Nc3 Nxc3 13. bxc3 O-O 14. Ba3 Re8 15.
Bc2 Ng6 16. Qd2 Bd7 17. Rad1 Qf6 18. Bxg6 hxg6 19. Ne5 Bf5 20. g4 Be6 21. f4
Rac8 22. Kh2 c5 23. Bxc5 Bxc5 24. dxc5 Rxc5 25. Rb1 Rec8 26. Rxb7 Rxc3 27. Qg2
Qxf4+ 28. Kg1 Rc2 29. Re2 Rxe2 30. Qxe2 Qg3+ 31. Qg2 Rc1# 0-1

[Event "Titled Tue 3rd Jun Early"]
[Site "chess.com INT"]
[Date "2025.06.03"]
[Round "10"]
[White "Karvatskyi, Oleksii"]
[Black "Jake Shanty"]
[Result "0-1"]
[WhiteTitle "CM"]
[BlackTitle "FM"]
[WhiteElo "2248"]
[BlackElo "2252"]
[WhiteFideId "14191059"]
[BlackFideId "33478066"]
[EventDate "2025.06.03"]

1. Nc3 Nf6 2. e4 d6 3. d4 g6 4. Bg5 Bg7 5. e5 Nfd7 6. f4 O-O 7. h4 f6 8. h5 fxg5
9. hxg6 e6 10. Rxh7 Rxf4 11. Bc4 Nf8 12. Nh3 Rh4 13. Rxh4 gxh4 14. Qh5 dxe5 15.
O-O-O Nc6 16. dxe5 Qe8 17. Nf4 Nxe5 18. Ncd5 Nxc4 19. Nxc7 Qe7 20. Nxa8 Bxb2+
21. Kb1 Qb4 0-1

[Event "Titled Tue 3rd Jun Early"]
[Site "chess.com INT"]
[Date "2025.06.03"]
[Round "10"]
[White "Sakun, Volodymyr"]
[Black "Asensio Ramos, Enrique Fernando"]
[Result "1-0"]
[WhiteTitle "FM"]
[BlackTitle "CM"]
[WhiteElo "2301"]
[BlackElo "2206"]
[WhiteFideId "14114062"]
[BlackFideId "2214172"]
[EventDate "2025.06.03"]

1. e4 c5 2. d4 cxd4 3. Qxd4 Nc6 4. Qd3 g6 5. Nc3 Bg7 6. Nf3 d6 7. h3 Nf6 8. Be2
O-O 9. O-O a6 10. Bg5 b5 11. Nd5 Nd7 12. c3 Nc5 13. Qe3 Ne6 14. Bh6 Bb7 15. a4
bxa4 16. Rxa4 a5 17. Bb5 Bxh6 18. Qxh6 Ne5 19. Nxe5 dxe5 20. Rd1 Bxd5 21. exd5
Nc5 22. Rh4 Ne6 23. Qxh7# 1-0

[Event "Titled Tue 3rd Jun Early"]
[Site "chess.com INT"]
[Date "2025.06.03"]
[Round "10"]
[White "Fernandes, Rogerio Paulo Muller"]
[Black "Garcia Alarcon, Alvaro COL"]
[Result "0-1"]
[BlackTitle "FM"]
[WhiteElo "2241"]
[BlackElo "2105"]
[WhiteFideId "2101599"]
[BlackFideId "4400330"]
[EventDate "2025.06.03"]

1. c4 d6 2. g3 e5 3. Bg2 f5 4. Nf3 Nf6 5. Nc3 Nc6 6. d3 Be7 7. O-O O-O 8. Rb1 a5
9. a3 h6 10. b4 axb4 11. axb4 Be6 12. b5 Na5 13. Bd2 Qd7 14. Ne1 g5 15. Ra1 b6
16. Bxa8 Rxa8 17. e3 Rf8 18. Nc2 e4 19. dxe4 Bxc4 20. Re1 fxe4 21. Nd4 Bd3 22.
Nb3 Nc4 23. Ra7 Ng4 24. f3 exf3 25. Rf1 f2+ 0-1

[Event "Titled Tue 3rd Jun Early"]
[Site "chess.com INT"]
[Date "2025.06.03"]
[Round "10"]
[White "Munoz Ramos, Christopher"]
[Black "Arslanov, Shamil"]
[Result "0-1"]
[WhiteTitle "FM"]
[BlackTitle "IM"]
[WhiteElo "2133"]
[BlackElo "2410"]
[WhiteFideId "3439615"]
[BlackFideId "4192826"]
[EventDate "2025.06.03"]

1. d4 e5 2. dxe5 d6 3. exd6 Bxd6 4. Nf3 Nc6 5. g3 Bg4 6. Bg2 Qe7 7. O-O O-O-O 8.
Qe1 h5 9. h4 Nh6 10. Nc3 Nf5 11. Nd5 Qe8 12. e4 Nfd4 13. Nxd4 Nxd4 14. Qd2 Nf3+
15. Bxf3 Bxf3 16. Re1 Qe6 17. Qe3 Qg4 18. Kh2 Qxh4+ 19. Kg1 Qh1# 0-1

[Event "Titled Tue 3rd Jun Early"]
[Site "chess.com INT"]
[Date "2025.06.03"]
[Round "10"]
[White "Vokhidov, Shamsiddin"]
[Black "Skliarov, Viktor"]
[Result "1-0"]
[WhiteTitle "GM"]
[BlackTitle "IM"]
[WhiteElo "2641"]
[BlackElo "2334"]
[WhiteFideId "14204223"]
[BlackFideId "14106736"]
[EventDate "2025.06.03"]

1. e4 c5 2. Nc3 Nc6 3. Nf3 Nf6 4. Bb5 Nd4 5. e5 Nxb5 6. Nxb5 Nd5 7. O-O a6 8. c4
Nc7 9. Nc3 Ne6 10. d4 cxd4 11. Nxd4 g6 12. Be3 Bg7 13. Nd5 Bxe5 14. Nf3 Bc7 15.
Bh6 d6 16. Re1 Bd7 17. Ng5 Qc8 18. Qf3 Rf8 19. Nxe6 Bxe6 20. Rxe6 fxe6 21. Qxf8+
Kd7 22. Qxe7+ 1-0

[Event "Titled Tue 3rd Jun Early"]
[Site "chess.com INT"]
[Date "2025.06.03"]
[Round "10"]
[White "Injac, Teodora"]
[Black "Mayta Aiza, Maveric"]
[Result "1-0"]
[WhiteTitle "IM"]
[BlackTitle "CM"]
[WhiteElo "2474"]
[BlackElo "2184"]
[WhiteFideId "932400"]
[BlackFideId "3307336"]
[EventDate "2025.06.03"]

1. d4 Nf6 2. Bg5 Ne4 3. Bf4 d5 4. e3 e6 5. Nd2 Nf6 6. Ngf3 Bd6 7. Ne5 Nbd7 8. c3
O-O 9. Bd3 Qe7 10. h4 Ne8 11. h5 f5 12. g4 Nef6 13. gxf5 exf5 14. h6 g6 15. Ndf3
Ng4 16. Qb3 c6 17. c4 Ngxe5 18. dxe5 Nxe5 19. Bxe5 Bxe5 20. cxd5 Bf6 21. d6+ 1-0

[Event "Titled Tue 3rd Jun Early"]
[Site "chess.com INT"]
[Date "2025.06.03"]
[Round "10"]
[White "Kravtsiv, Martyn"]
[Black "Todorovic, Bojan"]
[Result "1-0"]
[WhiteTitle "GM"]
[BlackTitle "FM"]
[WhiteElo "2598"]
[BlackElo "2111"]
[WhiteFideId "14113147"]
[BlackFideId "917087"]
[EventDate "2025.06.03"]

1. b3 d5 2. Bb2 Bg4 3. h3 Bh5 4. g4 Bg6 5. Bg2 c6 6. Nf3 Nd7 7. Nh4 e5 8. Nxg6
hxg6 9. e4 dxe4 10. Nc3 Ngf6 11. Qe2 Qc7 12. O-O-O O-O-O 13. Kb1 Bc5 14. Nxe4
Nxe4 15. Bxe4 Nf6 16. Bg2 Rhe8 17. Rhe1 Bd4 18. c3 Bb6 19. g5 Nd5 20. d4 Nf4 21.
Qg4+ Qd7 22. Bf3 Qxg4 23. Bxg4+ Kb8 24. Bc1 Ng2 25. Rg1 Nh4 26. dxe5 Rxd1 27.
Rxd1 Nf5 28. Rd7 Re7 29. Bxf5 1-0

[Event "Titled Tue 3rd Jun Early"]
[Site "chess.com INT"]
[Date "2025.06.03"]
[Round "10"]
[White "Scheglov, Gleb"]
[Black "Chiang, Jacob"]
[Result "0-1"]
[WhiteTitle "FM"]
[WhiteElo "2318"]
[BlackElo "2006"]
[WhiteFideId "34356266"]
[BlackFideId "30962331"]
[EventDate "2025.06.03"]

1. b3 Nf6 2. Bb2 c5 3. Nf3 d6 4. e3 Bg4 5. h3 Bh5 6. g4 Bg6 7. Bg2 Nc6 8. d3 e6
9. O-O Be7 10. Nbd2 Qd7 11. a3 h5 12. g5 Nh7 13. h4 f6 14. Ne4 d5 15. Ng3 O-O-O
16. b4 fxg5 17. b5 Na5 18. Ne5 Qe8 19. Bc3 Bf6 20. hxg5 Bxe5 21. Bxe5 h4 22. Ne2
h3 23. Bxh3 Nxg5 24. Bg2 Bh5 25. f4 Bxe2 26. Qxe2 Nh3+ 27. Bxh3 Rxh3 28. Kg2
Qg6+ 0-1

[Event "Titled Tue 3rd Jun Early"]
[Site "chess.com INT"]
[Date "2025.06.03"]
[Round "10"]
[White "Mahdavi, Reza"]
[Black "Tristan, Leonardo"]
[Result "1-0"]
[WhiteTitle "IM"]
[BlackTitle "GM"]
[WhiteElo "2445"]
[BlackElo "2536"]
[WhiteFideId "12595926"]
[BlackFideId "113816"]
[EventDate "2025.06.03"]

1. e4 d5 2. exd5 Qxd5 3. Nc3 Qa5 4. d4 Nf6 5. Nf3 Bf5 6. Ne5 c6 7. Bc4 e6 8. g4
Bg6 9. h4 Nbd7 10. Nxd7 Nxd7 11. h5 Be4 12. O-O Bd5 13. Nxd5 cxd5 14. Bd3 Bd6
15. Qf3 O-O-O 16. a4 e5 17. dxe5 Nxe5 18. Qf5+ Kb8 19. Bf4 g6 20. Qf6 Qc7 21.
Bxe5 Bxe5 22. Qf3 f5 23. gxf5 gxf5 24. Kh1 Qe7 25. Qh3 Rhg8 26. Rg1 Bxb2 27.
Rab1 Qf6 28. Bxf5 h6 29. Rg6 Qd4 30. Qg3+ 1-0

[Event "Titled Tue 3rd Jun Early"]
[Site "chess.com INT"]
[Date "2025.06.03"]
[Round "10"]
[White "Hansen, Sune Berg"]
[Black "Kim, Sergey"]
[Result "1-0"]
[WhiteTitle "GM"]
[BlackTitle "FM"]
[WhiteElo "2503"]
[BlackElo "2295"]
[WhiteFideId "1400266"]
[BlackFideId "13700570"]
[EventDate "2025.06.03"]

1. e4 e5 2. Nf3 Nc6 3. Bb5 a6 4. Ba4 Nf6 5. O-O b5 6. Bb3 Bc5 7. a4 Bb7 8. d3 d6
9. Nc3 b4 10. Ne2 h6 11. Ng3 O-O 12. a5 Bc8 13. c3 bxc3 14. bxc3 Rb8 15. Bc4 Ne7
16. d4 exd4 17. cxd4 Ba7 18. d5 Ng6 19. h3 Re8 20. Qd3 Nd7 21. Qc2 Nde5 22. Nxe5
Nxe5 23. Be2 Qh4 24. Ra3 Bc5 25. Rb3 Bd7 26. Nf5 Qf6 27. Rg3 Bxf5 28. exf5 Rb3 1-0

[Event "Titled Tue 3rd Jun Early"]
[Site "chess.com INT"]
[Date "2025.06.03"]
[Round "10"]
[White "Grot, Blazej"]
[Black "Yanev, Tihomir"]
[Result "1-0"]
[WhiteTitle "CM"]
[BlackTitle "IM"]
[WhiteElo "2217"]
[BlackElo "2354"]
[WhiteFideId "21835845"]
[BlackFideId "2910110"]
[EventDate "2025.06.03"]

1. d4 Nf6 2. c4 g6 3. Nc3 d5 4. cxd5 Nxd5 5. e4 Nxc3 6. bxc3 Bg7 7. Nf3 O-O 8.
Be2 c5 9. O-O Nc6 10. Be3 Qc7 11. h3 b6 12. Rc1 Rd8 13. d5 e6 14. c4 e5 15. Bg5
f6 16. Bd2 Nd4 17. Nxd4 cxd4 18. Bb4 Bf8 19. Qb3 Bc5 20. Kh1 Bd7 21. Bd2 Bd6 22.
f4 Rf8 23. fxe5 fxe5 24. Bh6 Rxf1+ 25. Rxf1 Bf8 26. c5 1-0

[Event "Titled Tue 3rd Jun Early"]
[Site "chess.com INT"]
[Date "2025.06.03"]
[Round "10"]
[White "Anakok, Deniz"]
[Black "Noy, Eyal"]
[Result "0-1"]
[WhiteTitle "CM"]
[BlackTitle "FM"]
[WhiteElo "2058"]
[BlackElo "2346"]
[WhiteFideId "51603586"]
[BlackFideId "2821117"]
[EventDate "2025.06.03"]

1. e4 e5 2. Nf3 f5 3. Nxe5 Qe7 4. d4 d6 5. Nf3 fxe4 6. Nfd2 Nf6 7. Be2 g6 8. O-O
Bg7 9. c4 c6 10. Nc3 d5 11. Qa4 O-O 12. Re1 Nbd7 13. Qb3 Nb6 14. a4 Be6 15. a5
Nc8 16. a6 b6 17. Nf1 Nd6 18. Ne3 dxc4 19. Nxc4 b5 20. Qb4 bxc4 21. Bf4 Rfd8 22.
Ra5 Rab8 23. Qa3 Rb3 24. Qc5 Rxb2 25. Qxc6 Nf5 26. Bxc4 Nxd4 27. Bxe6+ Qxe6 28.
Qc7 Rc8 29. Qxa7 Nc6 30. Qc5 Nxa5 31. Qxa5 Qb6 32. Qxb6 Rxb6 33. Ra1 Nd7 34. a7
Ra8 35. Nd5 Bxa1 0-1

[Event "Titled Tue 3rd Jun Early"]
[Site "chess.com INT"]
[Date "2025.06.03"]
[Round "10"]
[White "Golsta, Madara"]
[Black "Yevchenko, Oleksandr"]
[Result "0-1"]
[BlackTitle "CM"]
[WhiteElo "1999"]
[BlackElo "2276"]
[WhiteFideId "11607386"]
[BlackFideId "14108267"]
[EventDate "2025.06.03"]

1. e4 c5 2. Nf3 d6 3. d4 cxd4 4. Nxd4 Nf6 5. Nc3 a6 6. Be2 e5 7. Nb3 Be7 8. Qd3
Be6 9. Nd5 Nxd5 10. exd5 Bd7 11. c4 O-O 12. O-O f5 13. f4 Bf6 14. Kh1 a5 15. a4
Na6 16. Bd2 b6 17. fxe5 Bxe5 18. Bc3 Nb4 19. Qd2 Qf6 20. Bxb4 axb4 21. Qxb4 Qh4
22. Kg1 Bxh2+ 0-1

[Event "Titled Tue 3rd Jun Early"]
[Site "chess.com INT"]
[Date "2025.06.03"]
[Round "10"]
[White "Skiadopoulos, Nikolaos"]
[Black "Barwinska, Ewa"]
[Result "0-1"]
[WhiteTitle "CM"]
[BlackTitle "WFM"]
[WhiteElo "1882"]
[BlackElo "2014"]
[WhiteFideId "4200772"]
[BlackFideId "21833761"]
[EventDate "2025.06.03"]

1. e4 c5 2. Nf3 Nc6 3. Bb5 e6 4. O-O Nge7 5. Re1 a6 6. Bf1 g6 7. b3 Bg7 8. Nc3
O-O 9. Bb2 d5 10. exd5 exd5 11. Na4 b6 12. Bxg7 Kxg7 13. d4 c4 14. bxc4 dxc4 15.
Nc3 Be6 16. Qd2 b5 17. a3 Bg4 18. Qf4 Bxf3 19. gxf3 Nf5 20. d5 Ncd4 21. Rac1
Qg5+ 22. Qg3 Nxf3+ 23. Kg2 Nxg3 24. Kxf3 Nxf1 25. Rxf1 Qf6+ 0-1

[Event "Titled Tue 3rd Jun Early"]
[Site "chess.com INT"]
[Date "2025.06.03"]
[Round "10"]
[White "Lloret Ramis, Juan Jose"]
[Black "Sobek, Jaroslav"]
[Result "1-0"]
[WhiteTitle "FM"]
[BlackTitle "FM"]
[WhiteElo "2019"]
[BlackElo "2195"]
[WhiteFideId "2204053"]
[BlackFideId "301388"]
[EventDate "2025.06.03"]

1. d4 Nf6 2. Bg5 c5 3. Bxf6 gxf6 4. d5 f5 5. c4 d6 6. Qc2 Bg7 7. Nc3 Qb6 8. e3
e5 9. dxe6 fxe6 10. Bd3 Nc6 11. a3 Ne5 12. Nge2 Bd7 13. O-O O-O 14. Nf4 Rae8 15.
Rad1 a6 16. Nh5 Bh8 17. f4 Nf7 18. Rf3 Nh6 19. Rg3+ Kf7 20. e4 Ke7 21. exf5 Nxf5
22. Bxf5 exf5 23. Nd5+ Kd8 24. Nxb6 Kc7 25. Nxd7 Kxd7 26. Rgd3 Re6 27. Ng3 Rfe8
28. h3 Bd4+ 29. Rxd4 cxd4 30. Rxd4 1-0